英語にすると「ia」で終わる国 - Statistics

General Stats
  • This quiz has been taken 82 times
    78 since last reset
  • The average score is 7 of 17
Answers on the Grid
Answers color-coded by a green-red scale on the quiz's grid according to % correct below.
エリトリア
リビア
ボリビア
ジョージア
インド
モンゴル
イタリア
ミクロネシア
ガンビア
ギニア
ザンビア
レソト
エストニア
ケニア
アルジェリア
ナイジェリア
ラトビア
サウジアラビア
エチオピア
ブルガリア
マレーシア
ニカラグア
スロベニア
ルーマニア
 
Answer Stats
Answer % Correct
英語では「India」 インド
70%
英語では「Saudi Arabia」 サウジアラビア
57%
英語では「Malaysia」 マレーシア
51%
英語では「Ethiopia」 エチオピア
48%
英語では「Nigeria」 ナイジェリア
46%
英語では「Bulgaria」 ブルガリア
44%
英語では「Algeria」 アルジェリア
43%
英語では「Mongolia」 モンゴル
41%
英語では「Romania」 ルーマニア
41%
英語では「Zambia」 ザンビア
40%
英語では「Estonia」 エストニア
40%
英語では「Gambia」 ガンビア
38%
英語では「Latbia」 ラトビア
38%
英語では「Slovenia」 スロベニア
38%
英語では「Georgia」 ジョージア
35%
英語では「Bolivia」 ボリビア
33%
英語では「Micronesia」 ミクロネシア
33%
No matching quizzes found
Score Distribution
Percent of People with Each Score
Percentile by Number Answered
Your Score History
You have not taken this quiz since the last reset